| 000 | 00559nam a2200157Ia 4500 | ||
|---|---|---|---|
| 003 | IQ-KOUCL | ||
| 041 | _aArabic | ||
| 082 | _a340,342 cut-258 ج | ||
| 100 | _a20260118u\\\\\\\\\\\y0engy0103\\\\ba | ||
| 100 | _aاسلام سعد صالح جاسم | ||
| 245 | 0 | _aمخالفة المستثمر الاجنبي لاحكام قانون الاستثمار المعاصر دراسة مقارنة لبنان والعراق | |
| 250 | _aط1 | ||
| 260 |
_bهاتريك للنشر والتوزيع _aاربيل - العراق _c2023 |
||
| 300 | _a201 | ||
| 942 | _cBk | ||
| 999 |
_c187288 _d187288 |
||